Thuật ứng biến /
Sách giới thiệu những kỹ thuật, kỹ xảo và nghệ thuật ứng biến của nhân sinh, nó dung hoà tâm lý, tâm kế, kỹ xảo, phương pháp tư duy, nghệ thuật ứng biến vào trong một thể với kinh nghiệm cảm tính.
Shranjeno v:
| Glavni avtor: | |
|---|---|
| Drugi avtorji: | , |
| Format: | Knjiga |
| Jezik: | Vietnamese |
| Izdano: |
Việt Nam :
Phụ nữ,
2000.
|
| Teme: | |
| Oznake: |
Označite
Brez oznak, prvi označite!
|
| Thư viện lưu trữ: | Mạng thư viện Đại học Đà Nẵng |
|---|
| LEADER | 01284cam a2200397 i 4500 | ||
|---|---|---|---|
| 001 | 000046648 | ||
| 003 | 6149 | ||
| 005 | 20030917130624.0 | ||
| 008 | 010307b2000 vm 000 vie | ||
| 020 | |c 27000 | ||
| 022 | |a T | ||
| 040 | |a IRC |c IRC |d IRC | ||
| 041 | 1 | |a vie | |
| 082 | 1 | 4 | |a 150.1 |b KH-H |
| 100 | 1 | |a Khang Hoa. | |
| 245 | 0 | 0 | |a Thuật ứng biến / |c Khang Hoa, Trương Phương Cao ; Nguyễn Khắc Khoái biên dịch. |
| 260 | |a Việt Nam : |b Phụ nữ, |c 2000. | ||
| 300 | |a 299tr. ; |c 19cm. | ||
| 520 | 3 | |a Sách giới thiệu những kỹ thuật, kỹ xảo và nghệ thuật ứng biến của nhân sinh, nó dung hoà tâm lý, tâm kế, kỹ xảo, phương pháp tư duy, nghệ thuật ứng biến vào trong một thể với kinh nghiệm cảm tính. | |
| 630 | 0 | 4 | |a Tâm lý học. |
| 630 | 0 | 4 | |a Quan hệ xã hội. |
| 630 | 0 | 4 | |a Giáo tiếp. |
| 630 | 0 | 4 | |a Thuật ứng biến. |
| 650 | 0 | 4 | |a Tâm lý học. |
| 700 | 1 | |a Trương Phương Cao. | |
| 700 | 1 | |a Nguyễn Khắc Khoái, |e dịch. | |
| OWN | |a DUT | ||
| 999 | |a From the UDN01 | ||
| TYP | |a Monograph | ||
| TYP | |a Printed language | ||
| 980 | |a Mạng thư viện Đại học Đà Nẵng | ||